000 00834nam a2200229 i 4500
003 DO-SdBNP
005 20260129125203.0
007 ta
008 210823b2002 dr ||||| |||| 00| 0 eng d
040 _aDO-SdBNP
_bspa
_cBNPHU
_erda
082 _axxxx
_bR426L
110 1 _aRepública Dominicana.
_9447
240 1 0 _a[Leyes, etc.]
245 1 0 _aLey No. 50-87 :
_bque deroga y sustituye la Ley No. 42 del año 1943, sobre las cámaras oficiales de Comercio, Agricultura e Industrias de la Republica del 15 de junio de 1987 G.O. 9712 /
264 1 _aSanto Domingo :
_b[editor no identificado],
_c2002.
300 _a11 páginas
_c21 cm.
590 _aInventariado, 2023/ YL
650 4 _aSeguridad social
_xLegislación
_zRepública Dominicana
_914351
650 0 _aLegislación social
_91149
910 _aYLockward
942 _2ddc
_cLF2
999 _c54453
_d54453